[Event "Elit(Kungstornet-Kristallen)"]
[Site "?"]
[Date "2025.01.19"]
[Round "6"]
[White "Cicak, Slavko"]
[Black "Soderstrom, Adrian"]
[Result "1-0"]
[WhiteElo "2489"]
[BlackElo "2345"]
[PlyCount "133"]
[SourceVersionDate "2025.01.31"]

1. e4 e5 2. Nf3 Nc6 3. Bb5 a6 4. Ba4 Nf6 5. d3 b5 6. Bb3 Be7 7. c3 O-O 8. Bg5 d6 9. Nbd2 h6 10. Bh4 Na5 11. Bc2 c5 12. Nf1 Nc6 13. Bxf6 Bxf6 14. Bb3 Be6 15. Ne3 Qd7 16. Nd5 Bd8 17. a4 Rb8 18. axb5 axb5 19. O-O Na5 20. Ba2 b4 21. Bc4 Nxc4 22. dxc4 Qb7 23. Qd3 Bxd5 24. cxd5 Qb5 25. Qxb5 Rxb5 26. Nd2 Be7 27. Ra7 Re8 28. c4 Rbb8 29. Nb3 Ra8 30. Rfa1 Rxa7 31. Rxa7 Bf8 32. g4 g6 33. Kg2 Kg7 34. Kg3 Re7 35. Ra8 Rd7 36. f3 Be7 37. h4 Bd8 38. Nc1 Kf6 39. Nd3 Ke7 40. g5 hxg5 41. hxg5 Bb6 42. Ra6 Rb7 43. f4 exf4+ 44. Kxf4 Bc7 45. b3 Bb8 46. e5 Rd7 47. Ke4 Rd8 48. Rb6 Re8 49. Rb7+ Kf8 50. e6 fxe6 51. Nf4 exd5+ 52. Kxd5 Re5+ 53. Kc6 Re8 54. Nxg6+ Kg8 55. Re7 Rc8+ 56. Kd7 Rc7+ 57. Ke6 d5 58. Rxc7 Bxc7 59. Kxd5 Bd8 60. Kxc5 Bxg5 61. Ne5 Kf8 62. Kxb4 Ke7 63. Kc5 Bd2 64. Kc6 Kd8 65. Kb7 Bc3 66. c5 Bxe5 67. c6 1-0

[Event "Elit(Wasa-Stockholms SS)"]
[Site "?"]
[Date "2025.01.19"]
[Round "6"]
[White "Amin, Bassem"]
[Black "Hauge, Lars Oskar"]
[Result "1-0"]
[WhiteElo "2648"]
[BlackElo "2476"]
[PlyCount "205"]
[SourceVersionDate "2025.01.31"]

1. Nf3 Nf6 2. g3 e6 3. Bg2 d5 4. O-O c5 5. d3 Nc6 6. Nbd2 Be7 7. e4 b6 8. Re1 Bb7 9. c3 Rc8 10. a3 d4 11. e5 dxc3 12. bxc3 Nd7 13. h4 Qc7 14. Nc4 b5 15. Nd6+ Bxd6 16. exd6 Qxd6 17. Bf4 Qe7 18. d4 Nf6 19. a4 bxa4 20. dxc5 Qxc5 21. Bd6 Qd5 22. Ne5 Qxd1 23. Raxd1 Nd7 24. Nc4 Nd8 25. Bf1 Ba6 26. Nb6 Rc6 27. Nxd7 Kxd7 28. Be5+ Ke7 29. Bg2 Rc8 30. Bxg7 Re8 31. Rd4 Rg8 32. Rxa4 Rxg7 33. Rxa6 Rxc3 34. Rxa7+ Kf6 35. Rd7 Rg8 36. Re4 e5 37. Ra4 Rc1+ 38. Kh2 Ne6 39. Ra3 Rf8 40. Bd5 Nd4 41. Ra6+ Ne6 42. Bxe6 fxe6 43. Rxh7 Kg6 44. Re7 Rxf2+ 45. Kh3 Rf6 46. Rexe6 Rxe6 47. Rxe6+ Kf5 48. Re8 Rh1+ 49. Kg2 Ra1 50. Rf8+ Kg4 51. Rg8+ Kf5 52. h5 e4 53. h6 Ra2+ 54. Kh3 Ra1 55. Kg2 Ra2+ 56. Kg1 Ra1+ 57. Kf2 Rh1 58. g4+ Kf4 59. g5 e3+ 60. Ke2 Ke4 61. g6 Rh2+ 62. Kd1 Rh1+ 63. Kc2 Rh2+ 64. Kc3 Rxh6 65. Re8+ Kf3 66. Rf8+ Ke2 67. g7 Rc6+ 68. Kb3 Rb6+ 69. Kc3 Rc6+ 70. Kd4 Rg6 71. g8=Q Rxg8 72. Rxg8 Kd2 73. Ra8 e2 74. Ra2+ Kd1 75. Kd3 e1=N+ 76. Kc3 Nf3 77. Rf2 Ne1 78. Rd2+ Kc1 79. Rd5 Nf3 80. Kd3 Ne1+ 81. Kc3 Nf3 82. Rd8 Ne1 83. Rd6 Nf3 84. Kd3 Ne1+ 85. Ke2 Nc2 86. Rb6 Nd4+ 87. Kd3 Nf3 88. Ke3 Ne1 89. Ke2 Nc2 90. Rb7 Nd4+ 91. Kd3 Nf3 92. Re7 Kd1 93. Ke3 Ne1 94. Rd7+ Kc1 95. Kf2 Nc2 96. Ke2 Kb2 97. Kd3 Nb4+ 98. Kc4 Nc2 99. Re7 Kc1 100. Kb3 Nd4+ 101. Kc3 Nb5+ 102. Kc4 Na3+ 103. Kb3 1-0

[Event "Elit(Limhamn-Vaxjo)"]
[Site "?"]
[Date "2025.01.19"]
[Round "6"]
[White "Arman, Deniz"]
[Black "Johansson, Linus"]
[Result "1/2-1/2"]
[WhiteElo "2371"]
[BlackElo "2404"]
[PlyCount "39"]
[SourceVersionDate "2025.01.31"]

1. e4 e6 2. d4 d5 3. Nd2 c5 4. Ngf3 cxd4 5. Nxd4 Nc6 6. Bb5 Bd7 7. Nxc6 bxc6 8. Bd3 Bd6 9. Qe2 e5 10. exd5 cxd5 11. c4 Qe7 12. cxd5 f5 13. Bb5 Nf6 14. Bxd7+ Qxd7 15. O-O O-O 16. Nc4 Rae8 17. Bg5 e4 18. Nxd6 Qxd6 19. Bxf6 Rxf6 20. Rac1 1/2-1/2

[Event "Elit(Kungstornet-Kristallen)"]
[Site "?"]
[Date "2025.01.19"]
[Round "6"]
[White "Religa, Marek"]
[Black "Aronsson, Marten"]
[Result "1-0"]
[WhiteElo "2285"]
[BlackElo "2313"]
[PlyCount "47"]
[SourceVersionDate "2025.01.31"]

1. e4 e5 2. Nf3 Nc6 3. Nc3 Nf6 4. h3 h6 5. d4 exd4 6. Nxd4 Bb4 7. Nxc6 bxc6 8. Bd3 d5 9. e5 Ne4 10. Bxe4 Bxc3+ 11. bxc3 dxe4 12. Qd4 Qxd4 13. cxd4 c5 14. Ba3 cxd4 15. O-O-O d3 16. cxd3 Be6 17. dxe4 c5 18. Kb2 Rc8 19. Rc1 c4 20. f4 g6 21. Rhd1 h5 22. Kc3 f6 23. Rd6 Kf7 24. f5 1-0

[Event "Elit(Wasa-Stockholms SS)"]
[Site "?"]
[Date "2025.01.19"]
[Round "6"]
[White "Westerberg, Jonathan"]
[Black "Meshkovs, Nikita"]
[Result "1/2-1/2"]
[WhiteElo "2470"]
[BlackElo "2537"]
[PlyCount "29"]
[SourceVersionDate "2025.01.31"]

1. e4 e5 2. Nf3 Nc6 3. Nc3 Nf6 4. d4 exd4 5. Nxd4 Bb4 6. Nxc6 bxc6 7. Bd3 d5 8. exd5 O-O 9. O-O Bg4 10. f3 Bh5 11. dxc6 Qd4+ 12. Kh1 Bxc3 13. bxc3 Qxc3 14. Bf4 Qxc6 15. Qd2 1/2-1/2

[Event "Elit(Limhamn-Vaxjo)"]
[Site "?"]
[Date "2025.01.19"]
[Round "6"]
[White "Hector, Jonny"]
[Black "Lindberg, Bengt"]
[Result "1/2-1/2"]
[WhiteElo "2434"]
[BlackElo "2343"]
[PlyCount "98"]
[SourceVersionDate "2025.01.31"]

1. e4 c5 2. Nf3 e6 3. d4 cxd4 4. Nxd4 Nc6 5. Nc3 Qc7 6. Be3 a6 7. g4 b5 8. Nxc6 Qxc6 9. Qd2 b4 10. Ne2 Qxe4 11. Rg1 Qc6 12. Bg2 d5 13. O-O-O Bb7 14. f4 Nf6 15. f5 exf5 16. Nd4 Qa4 17. Kb1 Ne4 18. Qe1 g6 19. gxf5 O-O-O 20. Rf1 Qe8 21. Nb3 Bd6 22. Bb6 Rd7 23. f6 Kb8 24. Bh3 Rd8 25. Qe3 Bxh2 26. Na5 Rd6 27. Bc5 Nxc5 28. Qxc5 Qb5 29. Nxb7 Kxb7 30. Qd4 Re8 31. Bg2 Be5 32. Qh4 h5 33. Rd3 Kb8 34. Rfd1 d4 35. a4 Qd7 36. Qe4 Ka7 37. Re1 Qc7 38. a5 Rdd8 39. Bh1 Re6 40. Rf1 Bxf6 41. Qg2 Bg7 42. Qd2 f5 43. Qxb4 Rb8 44. Qd2 Qc5 45. Rb3 Rb5 46. Qg2 Qc8 47. Qd2 Qc5 48. Qg2 Qc8 49. Qd2 Qc5 1/2-1/2

[Event "Elit(Kungstornet-Kristallen)"]
[Site "?"]
[Date "2025.01.19"]
[Round "6"]
[White "von Bahr, Oskar"]
[Black "van Hengel, Hugo"]
[Result "1/2-1/2"]
[WhiteElo "2363"]
[BlackElo "2242"]
[PlyCount "41"]
[SourceVersionDate "2025.01.31"]

1. Nf3 d5 2. g3 Nf6 3. Bg2 c6 4. O-O g6 5. d4 Bg7 6. c4 dxc4 7. Ne5 Be6 8. Na3 Bd5 9. Naxc4 Bxg2 10. Kxg2 O-O 11. b3 b5 12. Nb2 Qd5+ 13. Nf3 c5 14. dxc5 Qxd1 15. Nxd1 Ne4 16. Bb2 Nxc5 17. Rc1 Nbd7 18. Nd4 a6 19. Nc6 Rfe8 20. b4 Rac8 21. Na7 1/2-1/2

[Event "Elit(Wasa-Stockholms SS)"]
[Site "?"]
[Date "2025.01.19"]
[Round "6"]
[White "Wedberg, Tom"]
[Black "Lissang, Christopher"]
[Result "1/2-1/2"]
[WhiteElo "2344"]
[BlackElo "2325"]
[PlyCount "63"]
[SourceVersionDate "2025.02.01"]

1. e4 c5 2. Nf3 Nc6 3. d4 cxd4 4. Nxd4 Nf6 5. Nc3 d6 6. Bc4 e6 7. Be3 a6 8. Qe2 Qc7 9. Bb3 Na5 10. g4 Be7 11. g5 Nxb3 12. axb3 Nd7 13. f4 Rb8 14. f5 Ne5 15. O-O-O b5 16. Kb1 Bd7 17. Qg2 Qb7 18. Rhg1 b4 19. Nce2 exf5 20. exf5 Qxg2 21. Rxg2 O-O 22. f6 Bd8 23. fxg7 Re8 24. Bf4 Rb6 25. h4 Kxg7 26. Ng3 Kh8 27. Ndf5 Bc7 28. Be3 Rc6 29. Bd4 Be6 30. Re2 Kg8 31. Bf2 a5 32. Bd4 1/2-1/2

[Event "Elit(Wasa-Kungstornet)"]
[Site "?"]
[Date "2025.01.18"]
[Round "5"]
[White "Henriksson, Johan"]
[Black "Cramling, Pia"]
[Result "1-0"]
[WhiteElo "2291"]
[BlackElo "2416"]
[PlyCount "52"]
[SourceVersionDate "2025.01.29"]

1. d4 Nf6 2. c4 e6 3. g3 d5 4. Nf3 dxc4 5. Bg2 Nbd7 6. O-O Rb8 7. a4 b6 8. Nfd2 Bb7 9. Nxc4 Bxg2 10. Kxg2 c5 11. Bf4 Rc8 12. Nc3 Nd5 13. Nb5 Nxf4+ 14. gxf4 Nf6 15. dxc5 Qxd1 16. Rfxd1 Rxc5 17. Rac1 a6 18. b4 Rd5 19. Nc7+ Ke7 20. Nxb6 Rxd1 21. Rxd1 Ne4 22. Nxa6 Kf6 23. Rd8 Nc3 24. e3 g6 25. b5 Kg7 26. Rc8 Ne4 1-0

[Event "Elit(Eksjo-Limhamn)"]
[Site "?"]
[Date "2025.01.18"]
[Round "5"]
[White "Jepson, Christian"]
[Black "Vernersson, Per"]
[Result "1/2-1/2"]
[WhiteElo "2404"]
[BlackElo "2262"]
[PlyCount "182"]
[SourceVersionDate "2025.01.30"]

1. d4 d5 2. c4 e6 3. Nf3 Nf6 4. g3 Be7 5. Bg2 O-O 6. O-O dxc4 7. Qc2 a6 8. a4 Bd7 9. Rd1 Bc6 10. Nc3 Bxf3 11. Bxf3 c6 12. a5 Nd5 13. Qa4 b5 14. axb6 Nxb6 15. Qa5 Nd5 16. Qa2 Nb6 17. Na4 Ra7 18. Nxb6 Qxb6 19. Qxc4 Rb7 20. Ra2 Bd6 21. Be3 Qb3 22. Rc1 Qxc4 23. Rxc4 Rc7 24. Be4 g6 25. Bd3 Re8 26. Rca4 e5 27. dxe5 Bxe5 28. Bxa6 Nxa6 29. Rxa6 Rb7 30. Rxc6 Bxb2 31. Rb6 Rxb6 32. Bxb6 Bf6 33. Kg2 h5 34. Kf3 Rb8 35. Ra6 Rc8 36. Be3 Kg7 37. h4 Rc3 38. Ke4 Rc2 39. Kd3 Rc3+ 40. Kd2 Rb3 41. Rc6 Ra3 42. Bg5 Ba1 43. Rc2 Ra7 44. e3 Be5 45. e4 Ra4 46. f4 Bf6 47. e5 Bxg5 48. hxg5 h4 49. Ke2 hxg3 50. Kf3 Ra3+ 51. Kg4 Rb3 52. Rg2 Ra3 53. Rxg3 Ra4 54. Rc3 Ra1 55. Kf3 Re1 56. Re3 Ra1 57. Rd3 Re1 58. Rd4 Ra1 59. Rd7 Re1 60. Rc7 Kg8 61. Rc6 Kg7 62. Rc4 Ra1 63. Ke4 Ra5 64. Kd4 Rb5 65. Ra4 Rb1 66. Kd5 Rf1 67. Kd6 Rf2 68. Ke7 Rf1 69. Ke8 Kg8 70. Ke7 Kg7 71. Re4 Rf2 72. e6 fxe6 73. Kxe6 Rf1 74. Rc4 Re1+ 75. Kd6 Rd1+ 76. Ke5 Re1+ 77. Kd5 Rd1+ 78. Rd4 Ra1 79. Ke5 Re1+ 80. Kd6 Kf7 81. Kc7 Rc1+ 82. Kd7 Rc5 83. Kd6 Rf5 84. Re4 Kg7 85. Ke6 Kg8 86. Rd4 Kg7 87. Rc4 Kg8 88. Rc8+ Kg7 89. Rc7+ Kg8 90. Rc8+ Kg7 91. Rc7+ Kg8 1/2-1/2

[Event "Elit(Wasa-Kungstornet)"]
[Site "?"]
[Date "2025.01.18"]
[Round "5"]
[White "Ostlund, Joar"]
[Black "Larsson, Anders"]
[Result "1/2-1/2"]
[WhiteElo "2324"]
[BlackElo "2196"]
[PlyCount "81"]
[SourceVersionDate "2025.01.29"]

1. d4 e6 2. c4 d5 3. Nc3 Be7 4. cxd5 exd5 5. Bf4 Nf6 6. e3 O-O 7. Bd3 c6 8. h3 Re8 9. Nf3 Nbd7 10. O-O Nf8 11. Qc2 Ng6 12. Bh2 Bd6 13. Bxd6 Qxd6 14. Rab1 Qe7 15. b4 a6 16. a4 Ne4 17. b5 axb5 18. axb5 Ng5 19. Nxg5 Qxg5 20. f4 Qe7 21. Rbe1 Nf8 22. f5 f6 23. Kh1 Bd7 24. e4 Qb4 25. bxc6 bxc6 26. exd5 Rxe1 27. Rxe1 cxd5 28. Rb1 Qxd4 29. Nxd5 Kh8 30. Nb6 Ra1 31. Nxd7 Rxb1+ 32. Qxb1 Qxd7 33. Qb8 Qe7 34. Bc4 g6 35. Qg3 Kg7 36. fxg6 hxg6 37. h4 Qe5 38. Qf2 Nd7 39. Qa2 Nc5 40. Bd5 Ne4 41. Bxe4 1/2-1/2

[Event "Elit(Eksjo-Limhamn)"]
[Site "?"]
[Date "2025.01.18"]
[Round "5"]
[White "Johnson, Bjorn"]
[Black "Lindgren, Philip"]
[Result "0-1"]
[WhiteElo "2188"]
[BlackElo "2386"]
[PlyCount "104"]
[SourceVersionDate "2025.01.30"]

1. Nf3 d5 2. d4 Nf6 3. e3 Bg4 4. h3 Bf5 5. c4 e6 6. Nc3 c6 7. Qb3 Qc7 8. Bd2 Nbd7 9. Rc1 Rc8 10. Be2 Be7 11. Na4 O-O 12. Bb4 dxc4 13. Bxc4 Bxb4+ 14. Qxb4 b5 15. O-O bxc4 16. Qxc4 Nb6 17. Qa6 Nxa4 18. Qxa4 Qb6 19. b4 Bd3 20. Rfe1 Qa6 21. Qb3 Be4 22. Ne5 Bd5 23. Qc3 Ne4 24. Qc2 f6 25. f3 Nd6 26. Nd7 Rf7 27. Nc5 Qa3 28. e4 Qxb4 29. exd5 Qxd4+ 30. Kh1 exd5 31. Qe2 Qh4 32. Qa6 Rfc7 33. Re6 Nf5 34. Rce1 h5 35. Qd3 Qf4 36. Na6 Rf7 37. a3 g6 38. Nb4 Qd4 39. Qa6 Rfc7 40. Rxc6 Ng3+ 41. Kh2 Nf5 42. Rxc7 Rxc7 43. Qe6+ Kg7 44. Nxd5 Rc2 45. Qd7+ Kh6 46. Qd8 Rxg2+ 47. Kxg2 Qd2+ 48. Kf1 Ng3+ 49. Kg1 Qxe1+ 50. Kg2 Qf1+ 51. Kxg3 Qg1+ 52. Kf4 Qg5+ 0-1

[Event "Elit(Wasa-Kungstornet)"]
[Site "?"]
[Date "2025.01.18"]
[Round "5"]
[White "Jonsson, Mikael"]
[Black "Bellon Lopez, Juan"]
[Result "0-1"]
[WhiteElo "2199"]
[BlackElo "2278"]
[PlyCount "52"]
[SourceVersionDate "2025.01.29"]

1. e4 c5 2. Nf3 e6 3. d4 cxd4 4. Nxd4 a6 5. Bd3 Qc7 6. O-O g6 7. c4 Bg7 8. Nf3 d6 9. Nc3 Nd7 10. Be3 Bxc3 11. bxc3 b6 12. Rb1 Ngf6 13. Re1 Rb8 14. e5 dxe5 15. Bg5 Nh5 16. Bh6 f5 17. Ng5 Ndf6 18. Qd2 Ng4 19. Nh3 e4 20. Nf4 exd3 21. h3 Nxh6 22. Nxh5 Nf7 23. Ng7+ Ke7 24. Qxd3 Qd6 25. Qe2 Kf6 26. c5 Qc6 0-1

[Event "Elit(Eksjo-Limhamn)"]
[Site "?"]
[Date "2025.01.18"]
[Round "5"]
[White "Brynell, Stellan"]
[Black "Malesevic, Nedeljko"]
[Result "1-0"]
[WhiteElo "2380"]
[BlackElo "2219"]
[PlyCount "105"]
[SourceVersionDate "2025.01.30"]

1. d4 d5 2. Nf3 Nf6 3. c4 e6 4. Nc3 Be7 5. Bg5 c6 6. e3 O-O 7. Rc1 Ne4 8. Bxe7 Qxe7 9. Bd3 f5 10. O-O Nd7 11. Ne2 Kh8 12. Qc2 Nd6 13. Rfd1 dxc4 14. Bxc4 e5 15. Bb3 e4 16. Nd2 Nf6 17. Qc5 Be6 18. Bxe6 Qxe6 19. Nf4 Qd7 20. d5 Rfc8 21. dxc6 Rxc6 22. Qd4 Rxc1 23. Rxc1 Rc8 24. Rd1 Nf7 25. Qxd7 Nxd7 26. h3 Nde5 27. Nb3 g6 28. Nd4 Kg7 29. Kf1 a6 30. Ke2 Nc4 31. h4 Nfe5 32. Rb1 Kf7 33. h5 g5 34. Nd5 Rd8 35. Nc3 Kf6 36. b3 Nb6 37. Na4 Nd5 38. Rc1 Nd3 39. Rc4 Rd6 40. Rc8 N5f4+ 41. Kf1 Ne6 42. Nxe6 Kxe6 43. Nc3 Nb4 44. g4 Rc6 45. gxf5+ Kxf5 46. Rf8+ Kg4 47. Nxe4 Kxh5 48. a4 b6 49. Kg2 Nd3 50. Rg8 h6 51. Kh3 Nxf2+ 52. Nxf2 Rf6 53. Ne4 1-0

[Event "Elit(Wasa-Kungstornet)"]
[Site "?"]
[Date "2025.01.18"]
[Round "5"]
[White "Cramling, Dan"]
[Black "Glimbrant, Torbjorn"]
[Result "1-0"]
[WhiteElo "2318"]
[BlackElo "2020"]
[PlyCount "115"]
[SourceVersionDate "2025.01.29"]

1. d4 e6 2. c4 Nf6 3. Nc3 Bb4 4. e3 b6 5. Nge2 Ba6 6. Ng3 h5 7. h4 Bb7 8. Qc2 Nc6 9. Be2 g6 10. a3 Be7 11. b4 a5 12. b5 Nb8 13. Bb2 d6 14. O-O-O Nbd7 15. f4 Bxg2 16. Rhg1 Bb7 17. d5 e5 18. f5 Nf8 19. Rdf1 Qd7 20. Nce4 Nxe4 21. Qxe4 gxf5 22. Rxf5 Ng6 23. Bxh5 O-O-O 24. Rxf7 Rxh5 25. Nxh5 Nxh4 26. Nf6 Bxf6 27. Rxd7 Rxd7 28. Rh1 Kb8 29. Bc3 Rg7 30. Rxh4 Bxh4 31. Qxh4 Bc8 32. Qd8 Rg4 33. Bxe5 Rxc4+ 34. Kd2 dxe5 35. d6 Rc5 36. e4 Rc4 37. Ke3 Rc3+ 38. Kf2 Rc2+ 39. Ke1 Rc1+ 40. Kf2 Rc2+ 41. Kg3 Rc3+ 42. Kh4 Rh3+ 43. Kg5 Rh7 44. dxc7+ Rxc7 45. Kf6 Kb7 46. Kxe5 Rc3 47. Kd4 Rc5 48. a4 Bg4 49. e5 Rc1 50. Qd5+ Kb8 51. Qg8+ Bc8 52. e6 Rd1+ 53. Ke5 Re1+ 54. Kd6 Rd1+ 55. Kc6 Ka7 56. Qxc8 Rd6+ 57. Kc7 Rd7+ 58. Qxd7 1-0

[Event "Elit(Eksjo-Limhamn)"]
[Site "?"]
[Date "2025.01.18"]
[Round "5"]
[White "Krantz, Christopher"]
[Black "Schneider, Stefan"]
[Result "0-1"]
[WhiteElo "2219"]
[BlackElo "2379"]
[PlyCount "114"]
[SourceVersionDate "2025.01.30"]

1. d4 Nf6 2. Nf3 e6 3. Bg5 c5 4. d5 Qa5+ 5. Bd2 Qb6 6. c4 Ne4 7. Nc3 Nxd2 8. Qxd2 Be7 9. O-O-O d6 10. g4 e5 11. Rg1 Qd8 12. e3 h6 13. Bd3 Nd7 14. Qe2 a6 15. Kb1 g6 16. Nd2 Bf6 17. f4 Qe7 18. f5 g5 19. Nde4 Bg7 20. Ng3 e4 21. Ncxe4 Be5 22. Rgf1 Nf6 23. Nxf6+ Bxf6 24. Ne4 Be5 25. f6 Qc7 26. Ng3 Bd7 27. Bf5 O-O-O 28. Qc2 Kb8 29. Bxd7 Qxd7 30. Rf5 Ka7 31. Rdf1 Rhe8 32. R1f3 b5 33. Nf1 bxc4 34. Nd2 c3 35. bxc3 Qb5+ 36. Kc1 Qe2 37. Ne4 Qc4 38. Nd2 Qxg4 39. Qd3 Qa4 40. Qc4 Qa3+ 41. Kc2 Rb8 42. e4 Rb2+ 43. Kd1 Rxa2 44. h3 Qb2 45. Qd3 Rb8 46. Ke2 Qa3 47. Rxe5 dxe5 48. Qc4 Qa5 49. Rd3 Ra4 50. Nb3 Rxc4 51. Nxa5 Rxe4+ 52. Kd1 Kb6 53. Nc6 Re8 54. Ne7 Kc7 55. Rd2 Rf4 56. d6+ Kd7 57. Nd5 Re6 0-1

[Event "Elit(Rockaden, Stockholm-Stockholms SS)"]
[Site "?"]
[Date "2025.01.18"]
[Round "5"]
[White "Hauge, Lars Oskar"]
[Black "Seo, Jung Min"]
[Result "1/2-1/2"]
[WhiteElo "2476"]
[BlackElo "2491"]
[PlyCount "87"]
[SourceVersionDate "2025.01.29"]

1. e4 c5 2. Nf3 d6 3. d4 cxd4 4. Nxd4 Nf6 5. Bc4 e6 6. Bd3 Nc6 7. Nxc6 bxc6 8. c4 d5 9. Qe2 Bb4+ 10. Nd2 Nxe4 11. Bxe4 dxe4 12. Qxe4 O-O 13. O-O Bb7 14. Nb3 Qe7 15. Bf4 a5 16. a3 a4 17. axb4 axb3 18. c5 e5 19. Qxe5 Qxe5 20. Bxe5 Rxa1 21. Rxa1 Ra8 22. Rxa8+ Bxa8 23. Kf1 f6 24. Bd6 Bb7 25. Ke2 Ba6+ 26. Kd2 Kf7 27. Kc3 h5 28. Kxb3 Bb5 29. Kc3 Ke6 30. Kd4 g6 31. Ke3 Ba6 32. Kf4 Bb5 33. Bf8 Ba6 34. Bd6 Bb5 35. Bb8 Ba6 36. Bc7 Bb5 37. Bd8 Ba6 38. f3 Bf1 39. g3 Bb5 40. h4 Ba6 41. g4 Bb5 42. Kg3 Ba6 43. f4 f5 44. gxh5 1/2-1/2

[Event "Elit(SS 4 Springare-Kristallen)"]
[Site "?"]
[Date "2025.01.18"]
[Round "5"]
[White "Religa, Marek"]
[Black "Kazakouski, Valery"]
[Result "0-1"]
[WhiteElo "2285"]
[BlackElo "2562"]
[PlyCount "128"]
[SourceVersionDate "2025.01.30"]

1. e4 c6 2. d4 d5 3. e5 Bf5 4. h4 h5 5. Bg5 Qb6 6. Bd3 Bxd3 7. Qxd3 e6 8. Ne2 Qa6 9. Qh3 Ne7 10. Nbc3 Nd7 11. O-O b6 12. Rad1 Rc8 13. Rfe1 Rc7 14. Nf4 Nf5 15. a3 Qc8 16. Nce2 g6 17. Ng3 Be7 18. Nxf5 gxf5 19. Rd3 c5 20. Rg3 Bxg5 21. hxg5 Nf8 22. g6 Nxg6 23. Nxg6 fxg6 24. Rxg6 cxd4 25. Qh4 Re7 26. Qxd4 Qxc2 27. Qf4 Kd7 28. Qb4 Qc5 29. Qa4+ b5 30. Qa5 Qb6 31. Qb4 a5 32. Qd2 Rb8 33. Rc1 Rc8 34. Rd1 Rc6 35. Qg5 Qc7 36. Qe3 Kc8 37. Qe2 Qb6 38. Qxh5 Kb7 39. Rg8 Rc2 40. Qh4 Rec7 41. b4 a4 42. Rf1 Rc8 43. Rg6 R2c6 44. Qe7+ Kb8 45. Rd1 R8c7 46. Qe8+ Kb7 47. Qg8 Rd7 48. Qe8 Rdc7 49. Qg8 Re7 50. Rf6 Rc2 51. Rf1 Rc8 52. Qg5 Qc7 53. Rg6 Qd7 54. Re1 Rc4 55. Rd1 Rh7 56. Rd3 Rg4 57. Qf6 Qc7 58. f3 Qc1+ 59. Kf2 Qc2+ 60. Ke3 f4+ 61. Qxf4 Rxf4 62. Kxf4 Qxd3 63. Rf6 Qd4+ 64. Kg3 Qh4# 0-1

[Event "Elit(LASK-Vaxjo)"]
[Site "?"]
[Date "2025.01.18"]
[Round "5"]
[White "Hillarp-Persson, Tiger"]
[Black "Thybo, Jesper Sondergaard"]
[Result "1/2-1/2"]
[WhiteElo "2468"]
[BlackElo "2556"]
[PlyCount "40"]
[SourceVersionDate "2025.01.31"]

1. Nf3 c5 2. b3 Nf6 3. Bb2 d5 4. e3 Nc6 5. Bb5 Bd7 6. O-O e6 7. d3 Be7 8. Bxc6 Bxc6 9. Ne5 Rc8 10. Nd2 O-O 11. Nxc6 Rxc6 12. Qe2 Qb8 13. a4 Nd7 14. e4 d4 15. f4 e5 16. f5 Bg5 17. Nf3 Be3+ 18. Kh1 b6 19. Bc1 Bxc1 20. Raxc1 a6 1/2-1/2

[Event "Elit(Rockaden, Stockholm-Stockholms SS)"]
[Site "?"]
[Date "2025.01.18"]
[Round "5"]
[White "Hammer, Jon Ludvig"]
[Black "Sipila, Vilka"]
[Result "1/2-1/2"]
[WhiteElo "2603"]
[BlackElo "2445"]
[PlyCount "105"]
[SourceVersionDate "2025.01.29"]

1. d4 d5 2. c4 e6 3. Nc3 Nf6 4. cxd5 exd5 5. Bg5 Be7 6. e3 O-O 7. Bd3 Re8 8. Nge2 Nbd7 9. O-O Nf8 10. Qc2 c6 11. Rae1 g6 12. f3 Ne6 13. Bh4 b5 14. Bf2 a5 15. Kh1 Ba6 16. e4 dxe4 17. fxe4 b4 18. Bxa6 Rxa6 19. Na4 Qb8 20. e5 Nd5 21. Nc1 Qb5 22. Nd3 Rd8 23. Nac5 Bxc5 24. Nxc5 Nxc5 25. dxc5 Nc7 26. Rd1 Rd5 27. Rfe1 Ra8 28. Rxd5 cxd5 29. Qd2 Qc6 30. Rd1 Rd8 31. a3 Rb8 32. e6 Nxe6 33. Qxd5 Qxd5 34. Rxd5 bxa3 35. bxa3 Rb1+ 36. Bg1 Nf4 37. Rd2 Re1 38. Rc2 Ne2 39. h4 Nxg1 40. Kh2 Kf8 41. c6 Re8 42. Kxg1 Rc8 43. Rc5 h5 44. Kf2 Ke7 45. Rxa5 Rxc6 46. Re5+ Kf6 47. Re2 Ra6 48. Re3 Kf5 49. Rf3+ Kg4 50. Rxf7 Rxa3 51. Rf6 Kxh4 52. Rxg6 Rg3 53. Rxg3 1/2-1/2

[Event "Elit(SS 4 Springare-Kristallen)"]
[Site "?"]
[Date "2025.01.18"]
[Round "5"]
[White "Miezis, Normunds"]
[Black "Soderstrom, Adrian"]
[Result "1/2-1/2"]
[WhiteElo "2398"]
[BlackElo "2345"]
[PlyCount "80"]
[SourceVersionDate "2025.01.30"]

1. c4 g6 2. Nc3 Nf6 3. e4 e5 4. g3 Bg7 5. Bg2 a6 6. Nge2 O-O 7. O-O d6 8. d3 b5 9. f4 c6 10. h3 Nbd7 11. a3 Rb8 12. Rb1 Bb7 13. b4 d5 14. exd5 cxd5 15. cxd5 Rc8 16. Qb3 exf4 17. Bxf4 Nh5 18. Ne4 Nxf4 19. Nxf4 Nb6 20. Nc5 Bd4+ 21. Kh1 Bxc5 22. bxc5 Rxc5 23. Qb4 Rc2 24. Qd4 Qd6 25. Rbe1 Rd8 26. Re5 Nd7 27. Ree1 Nf8 28. Rf2 Rxf2 29. Qxf2 Nd7 30. Kh2 Qxa3 31. Qa7 Rb8 32. d6 Qc5 33. Qxc5 Nxc5 34. d4 Ne6 35. Nxe6 fxe6 36. Rxe6 Bxg2 37. Kxg2 b4 38. d7 Kf7 39. Rb6 Rd8 40. Rxb4 Rxd7 1/2-1/2

[Event "Elit(LASK-Vaxjo)"]
[Site "?"]
[Date "2025.01.18"]
[Round "5"]
[White "Hansen, Sune Berg"]
[Black "Arman, Deniz"]
[Result "1/2-1/2"]
[WhiteElo "2511"]
[BlackElo "2371"]
[PlyCount "59"]
[SourceVersionDate "2025.01.31"]

1. Nf3 Nf6 2. g3 g6 3. b3 Bg7 4. Bb2 O-O 5. Bg2 c5 6. c4 d6 7. O-O Nc6 8. Nc3 e5 9. d3 h6 10. Nd2 Be6 11. Nde4 Ne8 12. Nd5 Rb8 13. Nec3 a6 14. a3 b5 15. cxb5 axb5 16. b4 cxb4 17. axb4 Nc7 18. Qd2 Nxd5 19. Nxd5 Ne7 20. Nxe7+ Qxe7 21. Qe3 Rfc8 22. Rfc1 Qd7 23. d4 Rxc1+ 24. Rxc1 Bc4 25. dxe5 dxe5 26. Ra1 Qd6 27. Bc3 Rc8 28. h4 h5 29. Bf1 Kh7 30. Ra7 1/2-1/2

[Event "Elit(Rockaden, Stockholm-Stockholms SS)"]
[Site "?"]
[Date "2025.01.18"]
[Round "5"]
[White "Lokander, Martin"]
[Black "Trost, Edvin"]
[Result "1/2-1/2"]
[WhiteElo "2468"]
[BlackElo "2443"]
[PlyCount "35"]
[SourceVersionDate "2025.01.29"]

1. d4 d5 2. c4 c5 3. cxd5 Nf6 4. Nf3 cxd4 5. Nxd4 Nxd5 6. e4 Nf6 7. Nc3 e5 8. Bb5+ Bd7 9. Bxd7+ Qxd7 10. Nc2 Qxd1+ 11. Kxd1 Bc5 12. Ke2 h6 13. Be3 Bxe3 14. Nxe3 Nc6 15. Ned5 Nxd5 16. Nxd5 Rc8 17. Rhc1 Kd7 18. Rc3 1/2-1/2

[Event "Elit(SS 4 Springare-Kristallen)"]
[Site "?"]
[Date "2025.01.18"]
[Round "5"]
[White "Lindh, Fredrik"]
[Black "Sivuk, Vitaly"]
[Result "0-1"]
[WhiteElo "2269"]
[BlackElo "2493"]
[PlyCount "60"]
[SourceVersionDate "2025.01.30"]

1. e4 c5 2. Nf3 d6 3. d4 cxd4 4. Nxd4 Nf6 5. Nc3 a6 6. Be3 e6 7. Qf3 Nbd7 8. Be2 Qc7 9. g4 b5 10. g5 Ne5 11. Qg2 Nfd7 12. f4 b4 13. Ncb5 axb5 14. fxe5 Nxe5 15. Nxb5 Qb8 16. O-O Be7 17. a3 bxa3 18. bxa3 O-O 19. Rab1 Bd7 20. Rb3 Qc8 21. Rc3 Qd8 22. Rd1 Qa5 23. Rb3 Rfc8 24. Nxd6 Rxc2 25. Nxf7 Ba4 26. Rb7 Nxf7 27. Rxe7 Rxe2 28. Qxe2 Bxd1 29. Qxd1 Qxa3 30. Rxf7 Kxf7 0-1

[Event "Elit(LASK-Vaxjo)"]
[Site "?"]
[Date "2025.01.18"]
[Round "5"]
[White "Solodovnichenko, Yuri"]
[Black "Pantzar, Milton"]
[Result "0-1"]
[WhiteElo "2511"]
[BlackElo "2452"]
[PlyCount "103"]
[SourceVersionDate "2025.01.31"]

1. e4 e5 2. Nf3 Nc6 3. Bb5 a6 4. Ba4 Nf6 5. O-O Be7 6. Re1 b5 7. Bb3 Bb7 8. d3 O-O 9. Nbd2 d5 10. exd5 Nxd5 11. Nxe5 Nd4 12. Nef3 Nxb3 13. Nxb3 c5 14. Bd2 Rc8 15. c4 Nb4 16. Re3 Bd6 17. Bc3 Qc7 18. Nbd2 Rfd8 19. Qb3 Nc6 20. cxb5 axb5 21. Qxb5 Nb4 22. Bxb4 cxb4 23. Rae1 Bf8 24. Qh5 h6 25. Nc4 Rd5 26. Qh4 Rcd8 27. Nce5 Ra8 28. Qc4 Rc5 29. Qb3 Rb8 30. d4 Bd5 31. Qd1 Ra5 32. Nd3 Rxa2 33. Nfe5 Rba8 34. Nf4 Bb7 35. Qb3 Ra1 36. Nd5 Qd6 37. Nf4 Qf6 38. Nfd3 Rxe1+ 39. Rxe1 Rd8 40. Nxb4 Rxd4 41. Nbd3 Be4 42. f3 Bf5 43. Ra1 Bd6 44. Qb5 Kh7 45. Rf1 Be6 46. f4 Qf5 47. Qc6 f6 48. g4 Qe4 49. Re1 Qd5 50. Qc2 Kg8 51. f5 Bxe5 52. Nxe5 0-1